[Event "Chigorin mem op A"]
[Site "St.Petersburg"]
[Date "2002.??.??"]
[Round "3.35"]
[White "Pridorozhni, Aleksei"]
[Black "Frolov, Denis"]
[Result "0-1"]
[WhiteElo "2453"]
[BlackElo "2459"]
[PlyCount "66"]
[EventDate "2002.10.25"]
[EventType "swiss"]
[EventRounds "9"]
[EventCountry "RUS"]
[Source "Fruth,M"]
[SourceDate "2003.05.15"]

1. e4 e5 2. f4 exf4 3. Nf3 d6 4. d4 g5 5. h4 g4 6. Ng1 Bh6 7. Bc4 f5 8. Bxg8
Rxg8 9. Ne2 fxe4 10. Bxf4 Bxf4 11. Nxf4 Nc6 12. Nc3 Bf5 13. Ncd5 Kd7 14. c3 Kc8
15. Qe2 b6 16. Qa6+ Kb8 17. O-O-O Qc8 18. Qe2 Kb7 19. Rhf1 Rf8 20. Ne3 Ne7 21.
h5 Qd7 22. d5 Rae8 23. g3 Qa4 24. Kb1 Bd7 25. Rd4 Qb5 26. Rc4 Nf5 27. Nxf5 Rxf5
28. Rd1 e3 29. a4 Qa5 30. Rdd4 Rxf4 31. gxf4 g3 32. Rd1 Bxa4 33. Rg1 Bb3 0-1

[Event "Corus B IT"]
[Site "Wijk aan Zee"]
[Date "2003.01.20"]
[Round "8"]
[White "Hector, Jonny"]
[Black "Jonkman, Harmen"]
[Result "1/2-1/2"]
[WhiteElo "2570"]
[BlackElo "2436"]
[PlyCount "92"]
[EventDate "2003.01.11"]
[EventType "tourn"]
[EventRounds "13"]
[EventCountry "NED"]
[EventCategory "13"]
[Source "Fruth,M"]
[SourceDate "2003.05.15"]

1. e4 e5 2. f4 exf4 3. Nf3 d6 4. d4 g5 5. h4 g4 6. Ng1 f3 7. Bg5 Be7 8. Qd2 f6
9. Bh6 f2+ 10. Kxf2 f5 11. Nc3 Nf6 12. Bd3 c5 13. exf5 Rg8 14. Re1 d5 15. dxc5
Kf7 16. b4 b6 17. Rxe7+ Qxe7 18. Nxd5 Ne4+ 19. Bxe4 Qxe4 20. Ne2 Bb7 21. c4 Nc6
22. Qc3 Qe5 23. b5 g3+ 24. Nxg3 Qxc3 25. Nxc3 Ne5 26. c6 Ng4+ 27. Kf3 Nxh6 28.
cxb7 Rad8 29. Nd5 Rd7 30. Re1 Rxb7 31. Ne4 Nxf5 32. g4 Nd4+ 33. Kf4 Kg7 34. Rd1
Rf8+ 35. Ke3 Ne6 36. Nd6 Rd7 37. Nf5+ Kh8 38. Re1 Ng7 39. Kf4 Rdf7 40. Re5 h5
41. Nde3 hxg4 42. Kxg4 Nxf5 43. Nxf5 Rc8 44. Re4 Rcf8 45. Re5 Rc8 46. Re4 Rcf8
1/2-1/2

[Event "Ilyumzhinov Cup"]
[Site "Internet"]
[Date "2006.05.06"]
[Round "?"]
[White "Chuprov, Dmitry"]
[Black "Gorin, Leonid"]
[Result "1-0"]
[WhiteElo "2525"]
[BlackElo "2443"]
[PlyCount "51"]
[EventDate "2006.05.06"]
[EventType "swiss (blitz)"]
[EventRounds "13"]
[EventCountry "RUS"]
[Source "ChessBase"]
[SourceDate "2006.07.14"]

1. e4 e5 2. f4 exf4 3. Nf3 d6 4. Bc4 Be6 5. Bxe6 fxe6 6. d4 Qf6 7. O-O g5 8.
Nc3 Nd7 9. e5 dxe5 10. Ne4 Qf5 11. Nexg5 Bh6 12. dxe5 Bxg5 13. Nxg5 Qxg5 14.
Bxf4 Qg6 15. Qd4 Ne7 16. Qb4 Nd5 17. Qxb7 O-O 18. Bg3 Nc5 19. Rxf8+ Rxf8 20.
Qxa7 Ne4 21. Qa3 Nxg3 22. Qxg3 Qxg3 23. hxg3 Kf7 24. Kf2 Ke7+ 25. Ke2 Rf6 26.
exf6+ 1-0

[Event "Mario Covas 6th"]
[Site "Santos"]
[Date "2006.05.06"]
[Round "8"]
[White "Fier, Alexander Hila"]
[Black "Milos, Gilberto"]
[Result "1/2-1/2"]
[WhiteElo "2471"]
[BlackElo "2589"]
[PlyCount "55"]
[EventDate "2006.04.29"]
[EventType "tourn"]
[EventRounds "9"]
[EventCountry "BRA"]
[EventCategory "9"]
[Source "ChessBase"]
[SourceDate "2006.07.14"]

1. e4 e5 2. f4 exf4 3. Nf3 d6 4. d4 g5 5. h4 g4 6. Ng1 Bh6 7. Nc3 Nc6 8. Nge2
f3 9. Nf4 f2+ 10. Kxf2 g3+ 11. Ke1 Bg7 12. Bb5 Nf6 13. Nh5 Nxh5 14. Qxh5 O-O
15. Rf1 Bxd4 16. Bg5 f6 17. Bh6 Ne5 18. Bxf8 Qxf8 19. Be2 Bxc3+ 20. bxc3 Be6
21. Rf4 Qg7 22. Kd2 Rf8 23. Raf1 a6 24. a3 b5 25. Kc1 h6 26. Rd1 Bd7 27. Rdf1
Be8 28. Qf5 1/2-1/2

[Event "9th Vasylyshyn Mem GM"]
[Site "Lviv UKR"]
[Date "2012.11.20"]
[Round "1"]
[White "Polivanov, A."]
[Black "Sivuk, V."]
[Result "0-1"]
[WhiteElo "2413"]
[BlackElo "2482"]
[PlyCount "52"]
[EventDate "2012.11.20"]
[EventType "tourn"]
[SourceDate "1999.07.01"]

1. e4 e5 2. f4 exf4 3. Nf3 d6 4. d4 g5 5. h4 g4 6. Ng1 Bh6 7. Nc3 c6 8. Qd3 Na6
9. a3 Qf6 10. Bd2 Bd7 11. e5 dxe5 12. Ne4 Qe7 13. dxe5 Kf8 14. Ne2 Bf5 15. Nd4
Bg6 16. h5 Nc5 17. hxg6 Nxd3+ 18. Bxd3 Qxe5 19. Bb4+ c5 20. Bxc5+ Kg7 21. gxf7
Nf6 22. Nb5 Rad8 23. Nbd6 Nxe4 24. Bd4 Qxd4 25. Nf5+ Kg6 26. Nxd4 Rxd4 0-1